Statistics for Italian vocabulary - Medium

Click here to take the quiz!

General Stats

  • This quiz has been taken 144 times
  • The average score is 9 of 20

Answer Stats

HintAnswer% Correct
TedescoGerman
69%
CalcioFootball
67%
BacioKiss
67%
TazzaCup
64%
NegozioShop
64%
NaveShip / Boat
62%
SediaChair
55%
PiangereTo cry
55%
RubareTo steal
53%
SpecchioMirror
51%
ScrivaniaDesk
49%
PiovosoRainy
42%
ArcobalenoRainbow
41%
AcetoVinegar
34%
FigoCool
32%
AltoparlanteSpeaker
29%
StupendoWonderful / Gorgeous
29%
MarciapiedeSidewalk
28%
ManciaTip
16%
RagioniereAccountant
13%

Score Distribution

Percentile by Number Answered

Percent of People with Each Score

Your Score History

You have not taken this quiz